Экономика и организация производства. Пищевая промышленность (Запись № 1766061)

Подробности
000 -МАРКЕР
контрольное поле 02292nam0a2200349 4500
001 - ИДЕНТИФИКАТОР ЗАПИСИ
контрольное поле RU\NLR\bibl\1212860
005 - ИДЕНТИФИКАТОР ВЕРСИИ
контрольное поле 20260408191129.0
010 ## - МЕЖДУНАРОДНЫЙ СТАНДАРТНЫЙ НОМЕР КНИГИ (ISBN)
Номер (ISBN) 978-5-91541-001-4
021 ## - НОМЕР ГОСУДАРСТВЕННОЙ РЕГИСТРАЦИИ
Код страны российская федерация
Номер 2008-12872
Номер Листа государственной регистраци 704
035 ## - ДРУГИЕ СИСТЕМНЫЕ НОМЕРА
Идентификатор записи (NLR Aleph) 001199266
100 ## - ДАННЫЕ ОБЩЕЙ ОБРАБОТКИ
Данные общей обработки 20080222d2008 |||y0rusy50 ca
101 0# - ЯЗЫК РЕСУРСА
Язык текста, звукозаписи и т.д. русский
102 ## - СТРАНА ПУБЛИКАЦИИ ИЛИ ПРОИЗВОДСТВА
Страна публикации российская федерация
105 ## - ПОЛЕ КОДИРОВАННЫХ ДАННЫХ: ТЕКСТОВЫЕ МАТЕРИАЛЫ, МОНОГРАФИЧЕСКИЕ
Кодированные данные о монографическом текстовом документе y |||||||||
200 1# - ЗАГЛАВИЕ И СВЕДЕНИЯ ОБ ОТВЕТСТВЕННОСТИ
Основное заглавие Экономика и организация производства. Пищевая промышленность
Сведения, относящиеся к заглавию учебное пособие для студентов вузов, обучающихся по направлениям подготовки дипломированного специалиста 260200 (655600) "Производство продуктов питания из растительного сырья", 260500 (655500) "Технология продовольственных продуктов специального назначения и общественного питания", 260600 (655800) "Пищевая инженерия"
Первые сведения об ответственности Магомедов М.Д., Куломзина Е.Ю., Чайкина И.И.
210 ## - ПУБЛИКАЦИЯ, РАСПРОСТРАНЕНИЕ И ДР.
Место издания, распространения и т.д. Санкт-Петербург
Имя издателя, распространителя и т. д. Региональная ассоциация поддержки профобразования
Дата издания, распространения и т.д. 2008
215 ## - ФИЗИЧЕСКАЯ ХАРАКТЕРИСТИКА
Специфическое обозначение материала и объем 310, [1] c.
Размеры 22
320 ## - ПРИМЕЧАНИЯ О НАЛИЧИИ В ДОКУМЕНТЕ БИБЛИОГРАФИИ / УКАЗАТЕЛЯ
Текст примечания Библиогр. в конце кн. (56 назв.)
517 0# - ДРУГИЕ ВАРИАНТЫ ЗАГЛАВИЯ
Вариант заглавия Пищевая промышленность
606 1# - НАИМЕНОВАНИЕ ТЕМЫ КАК ПРЕДМЕТ
Наименование темы Пищевая промышленность
Формальный подзаголовок Учебные издания для высших учебных заведений
Тематический подзаголовок Организация производства
Системный номер авторитетной/нормативной записи 2146425
Идентификатор авторитетной/нормативной записи RU\NLR\auth\661293109
606 ## - НАИМЕНОВАНИЕ ТЕМЫ КАК ПРЕДМЕТ
Наименование темы Пищевая промышленность
Тематический подзаголовок Экономика
Формальный подзаголовок Учебные издания для высших учебных заведений
Идентификатор авторитетной/нормативной записи RU\NLR\auth\661263817
Системный номер авторитетной/нормативной записи 2087647
686 ## - ИНДЕКСЫ ДРУГИХ КЛАССИФИКАЦИЙ
Индекс У30(2)67-801я73
686 ## - ИНДЕКСЫ ДРУГИХ КЛАССИФИКАЦИЙ
Индекс У30(2)67я73
700 #1 - ИМЯ ЛИЦА - ПЕРВИЧНАЯ ОТВЕТСТВЕННОСТЬ
Начальный элемент ввода Магомедов
Часть имени, кроме начального элемента ввода М. Д.
Расширение инициалов личного имени Магомед Даниялович
Код отношения Автор
701 #1 - ИМЯ ЛИЦА - АЛЬТЕРНАТИВНАЯ ОТВЕТСТВЕННОСТЬ
Начальный элемент ввода Куломзина
Часть имени, кроме начального элемента ввода Е. Ю.
Расширение инициалов личного имени Елена Юрьевна
Код отношения Автор
701 #1 - ИМЯ ЛИЦА - АЛЬТЕРНАТИВНАЯ ОТВЕТСТВЕННОСТЬ
Начальный элемент ввода Чайкина
Часть имени, кроме начального элемента ввода И. И.
Расширение инициалов личного имени Ирина Ивановна
Код отношения Автор
801 #0 - ИСТОЧНИК ЗАПИСИ
Страна российская федерация
Организация NLR
Дата составления 20080222
Правила каталогизации RCR
801 #1 - ИСТОЧНИК ЗАПИСИ
Страна российская федерация
Организация NLR
Дата составления 20080222
942 ## - ДОПОЛНИТЕЛЬНЫЕ ЭЛЕМЕНТЫ ЗАПИСИ (АБИС)
Тип экземпляра АБИС Книга
980 ## - КОЛЛЕКЦИЯ
Название коллекции Национальная библиография
Экземпляры
Тип экземпляра Дата поступления Источник поступления Библиотека постоянного хранения Библиотека текущего хранения Место хранения Шифр хранения Штрих-код Статус не для выдачи Стоимость
Книга 10.04.2008 Обязательный экземпляр РНБ (Московский) РНБ (Московский) Русский книжный фонд: издания с 1957 года, 9этаж 2008-5/2944 2648660    
Книга 10.04.2008 Обязательный экземпляр РНБ (Московский) РНБ (Московский) Русский книжный фонд: издания с 1957 года, 9этаж 2008-5/2944 2648661    
Книга 10.06.2008 Покупка РНБ (Московский) РНБ (Московский) Фонд общего зала литературы по технике Т1 Л99/М-127 1-472200   312.00
Книга 10.06.2008 Покупка РНБ (Садовая) РНБ (Садовая) Универсальный читальный зал У У30(2)/М-127 1-142850   312.00